| 000 | 00831 a2200217 4500 | ||
|---|---|---|---|
| 003 | Nust | ||
| 005 | 20221228123040.0 | ||
| 010 | _a 96009011 | ||
| 020 | _a8120314875 | ||
| 040 | _cNust | ||
| 082 | 0 | 0 | _a621.395,IBR |
| 100 | 1 |
_aIbrahim, Ahmad M., _9106195 |
|
| 245 | 1 | 0 |
_aIntroduction to applied fuzzy electronics / _cAhmad M. Ibrahim. |
| 260 |
_aUpper Saddle River, N.J. : _bPrentice Hall, _cc1997. |
||
| 300 |
_ax, 192 p. : _bill. ; _c25 cm. |
||
| 505 | _aIntroduction (Page-1), Sets, Boolean Logic and Algebra (Page-7), Fuzzy Sets (Page-26), Fuzzy Logic and Algebra (Page-57), Fuzzy Control (Page-76), Electronic Neural Networks (Page-102), Fuzzy Neural Networks (Page-139). | ||
| 650 | 0 | _aDigital electronics. | |
| 650 | 0 |
_aFuzzy logic. _960142 |
|
| 650 | 0 |
_aNeural networks (Computer science) _918586 |
|
| 942 |
_2ddc _cBK |
||
| 999 |
_c178730 _d178730 |
||